000 00449nmm a2200145Ia 4500
008 251105s9999||||xx |||||||||||||||||und||
041 _aspa
100 _aVV. AA.
245 0 _aLa jirafa :
_b Cuento zapotlense contemporáneo
264 _a[México D.C., Mexico] :
_bUniversidad de Guadalajara,
_c2012
300 _a160 páginas
650 _aTeen & Young Adult Fiction
856 _uhttps://public.digitaliapublishing.com/a/163085
942 _cCF
999 _c104672
_d104672